000 00597nam a2200229Ia 4500
005 20260430150723.0
008 008 250103s9999 xx 000 0 eng d
037 _aTheses
040 _aCRL
040 _beng
040 _ceng
041 _2eng
041 _aeng
084 _qCRL
100 _aMaharaj Rudra Shakti Jee Au.; Rehmani Najma Gu.
_91238292
245 0 _aKashmiri Lal Zakir ke mutakhib novelon ka tanqeedi mutala
260 _c2024
300 _a309p.
700 _aUniversity of Delhi. Faculty of Arts. Department of Urdu
942 _cTH
999 _c1850462
_d1850462